|
|
|
|
| LEADER |
00000nam0a2200000 4500 |
| 001 |
241607 |
| 005 |
20231101231828.0 |
| 010 |
|
|
|a 5020099708
|
| 020 |
|
|
|a RU
|b 90-44392
|
| 035 |
|
|
|a (RuTPU)RU\TPU\book\262883
|
| 090 |
|
|
|a 241607
|
| 100 |
|
|
|a 20130807d1990 k a0rusy5003 ca
|
| 101 |
0 |
|
|a rus
|
| 102 |
|
|
|a RU
|
| 105 |
|
|
|a y z 001zy
|
| 200 |
1 |
|
|a Балканские владения Османской империи на рубеже XVIII-XIX вв.
|e внутреннее положение, предпосылки национально-освободительных движений
|f В. П. Грачев
|g Академия наук СССР (АН СССР), Институт славяноведения и балканистики (ИСБ) ; под ред. Н. И. Хитровой
|
| 210 |
|
|
|a Москва
|c Наука
|d 1990
|
| 215 |
|
|
|a 194 с.
|
| 320 |
|
|
|a Библиогр. в примеч. в конце глав.
|
| 606 |
1 |
|
|a Европа
|x История
|2 stltpush
|3 (RuTPU)RU\TPU\subj\67590
|9 83314
|
| 610 |
1 |
|
|a национально-освободительное движение
|
| 610 |
1 |
|
|a Турция
|
| 610 |
1 |
|
|a внутреннее положение
|
| 610 |
1 |
|
|a политические группы
|
| 610 |
1 |
|
|a Балканские страны
|
| 610 |
1 |
|
|a история
|
| 610 |
1 |
|
|a 18 век
|
| 610 |
1 |
|
|a 19 век
|
| 686 |
|
|
|a Т3(4)
|2 rubbk
|
| 700 |
|
1 |
|a Грачев
|b В. П.
|4 070
|
| 702 |
|
1 |
|a Хитрова
|b Н. И.
|4 340
|
| 712 |
0 |
2 |
|a Академия наук СССР (АН СССР)
|b Институт славяноведения и балканистики (ИСБ)
|c (Москва)
|2 stltpush
|3 (RuTPU)RU\TPU\col\11355
|
| 801 |
|
0 |
|a RU
|b RuMRKP
|c 19950417
|g psbo
|
| 801 |
|
1 |
|a RU
|b 63413507
|c 20130807
|
| 801 |
|
2 |
|a RU
|b 63413507
|c 20131119
|g RCR
|
| 942 |
|
|
|c BK
|